Michael Palin Filmography - Statistics

General Stats
  • This quiz has been taken 39 times
    8 since last reset
  • The average score is 17 of 138
Answer Stats
Type Year Name % Correct
Film 1988 A Fish Called Wanda
100%
TV Mini-Series 2009 Around the World in 80 Days
83%
Documentary Mini-Series 1989 Around the World in 80 Days with Michael Palin
83%
Film 1975 Monty Python and the Holy Grail
83%
TV Show 1969-1974 Monty Python's Flying Circus
83%
Film 1979 Monty Python's Life of Brian
83%
Film 1983 Monty Python's The Meaning of Life
83%
Documentary Mini-Series 1992 Pole to Pole with Michael Palin
83%
Film 1971 And Now for Something Completely Different
67%
Film 1985 Brazil
67%
Documentary Mini-Series 2012 Brazil with Michael Palin
67%
Film 1997 Fierce Creatures
67%
Film 1977 Jabberwocky
67%
TV Show 1976-1979 Ripping Yarns
67%
Film 2017 The Death of Stalin
50%
Video Game 1997 The Meaning of Life
50%
Film 1984 A Private Function
33%
TV Show 1967-1969 Do Not Adjust Your Set
33%
TV Mini-Series 1991 G.B.H.
33%
TV Mini-Series 2014 Remember Me
33%
Film 1982 The Missionary
33%
TV Film 1978 The Rutles: All You Need Is Cash
33%
Film 1981 Time Bandits
33%
Film 2015 Absolutely Anything
17%
Film 2012 A Liar's Autobiography: The Untrue Story of Monty Python's Graham Chapman
17%
Film 1991 American Friends
17%
Film 2011 Arthur Christmas
17%
Documentary Mini-Series 1997 Full Circle with Michael Palin
17%
Documentary Mini-Series 2024 Michael Palin in Nigeria
17%
Documentary Mini-Series 2018 Michael Palin in North Korea
17%
Film 2014 Monty Python Live (Mostly)
17%
Film 2010 Not the Messiah: He's a Very Naughty Boy
17%
TV Show 1965-1966 Now!
17%
Documentary Mini-Series 2002 Sahara with Michael Palin
17%
Short Film 1983 The Crimson Permanent Assurance
17%
TV Film 1977 The Red Dress
17%
TV Film 1995 The Wind in the Willows
17%
Film 1996 The Wind in the Willows
17%
TV Mini-Series 2018 Vanity Fair
17%
Music Video 2015 Absolutely Anything and Anything at All
0%
TV Show 1969 A Christmas Night with the Stars
0%
TV Documentary 2018 A Life on Screen: Michael Palin
0%
Concert Film 2005 An Evening with Michael Palin
0%
TV Documentary 2008 Around the World in 20 Years
0%
TV Show 2016 Artsnight
0%
TV Show 1967 A Series of Bird's
0%
Theater 1971 Beauty and the Beast
0%
TV Show 1968 Broaden Your Mind
0%
TV Show 2019 CBeebies Bedtime Story
0%
TV Show 2015-2016 Clangers
0%
TV Show 1981 Clapper Board
0%
TV Show 1969 David Frost Presents
0%
TV Show 1988 Don't Just Sit There
0%
Short Film 2003 Education Tips No. 41: Choosing a Really Expensive School
0%
Short Film 1970 Ending It All
0%
Documentary Series 1997 Ex-S
0%
TV Documentary 2023 Fawlty Towers: 50 Years of Laughter
0%
TV Show 1968 Frost on Sunday
0%
Documentary Series 1973 Full House
0%
TV Show 1983 Get Set for Summer
0%
TV Show 1992 Going Live!
0%
Documentary Series 1980, 1994 Great Railway Journeys
0%
Theater 1963-1964 Hang Down Your Head and Die
0%
TV Show 1969 Hark at Barker
0%
Short Film 1979 Henry Cleans Up
0%
Documentary Series 1997, 1998, 2000, 2002 Heroes of Comedy
0%
Documentary Mini-Series 2004 Himalaya with Michael Palin
0%
TV Show 1996, 1997 Home and Away
0%
TV Film 1968 How to Irritate People
0%
Short Film 2001 How to Use Your Coconuts
0%
Documentary Series 2014, 2025 Imagine
0%
Film 1989 Inar Gahined
0%
Short Film 1973 Is This a Record?
0%
TV Show 1984 Jackanory
0%
Film 2020 Jeepers Creepers
0%
Radio Series 2017 John Finnemore's Double Acts
0%
TV Documentary 1990 Life of Python
0%
TV Documentary 2002 Life on Air: David Attenborough's 50 Years in Television
0%
TV Show 1969 Marty
0%
TV Documentary 2004 Michael Palin and the Ladies Who Loved Matisse
0%
Documentary Mini-Series 2022 Michael Palin: Into Iraq
0%
Documentary 2013 Michael Palin in Wyeth's World
0%
TV Documentary 2000 Michael Palin on... the Colourists
0%
Documentary Series 1999 Michael Palin's Hemingway Adventure
0%
Documentary Mini-Series 2007 Michael Palin's New Europe
0%
TV Documentary 2015 Michael Palin's Quest for Artemisia
0%
TV Documentary 2005 Michael Palin & the Mystery of Hammershøi
0%
Documentary Series 2020-2021 Michael Palin: Travels of a Lifetime
0%
Documentary Mini-Series 2009 Monty Python: Almost the Truth - The Lawyer's Cut
0%
Concert Film 1982 Monty Python Live at the Hollywood Bowl
0%
TV Mini-Series 1972 Monty Python's Fliegender Zirkus
0%
TV Show 2006 Monty Python's Personal Best
0%
Video Game 1996 Monty Python & the Quest for the Holy Grail
0%
TV Show 1986 Nightlife
0%
TV Film 1995 Oliver 2: Let's Twist Again
0%
Documentary Series 1976, 1990 Omnibus
0%
Documentary Series 1994 Open Space
0%
TV Show 1982 OTT
0%
Documentary Series 1994 Palin's Column
0%
Radio Series 2005 Peter Cook and in His Own Words
0%
TV Documentary 1976 Pleasure at Her Majesty's
0%
TV Documentary 1999 Python Night: 30 Years of Monty Python
0%
Short Film 1991 Rabbit Ears: Jack and the Beanstalk
0%
Documentary Mini-Series 2016 Richard E. Grant on Ealing Comedies
0%
TV Short 2007 Robbie the Reindeer in Close Encounters of the Herd Kind
0%
TV Show 1978-1997 Saturday Night Live
0%
Theater 2002 Spike Milligan: I Told You I Was Ill
0%
TV Show 2021 Staged
0%
Short Film 1997 Statutory Rites
0%
TV Show 1997 TFI Friday
0%
Short Film 1981 The Box
0%
TV Show 1969 The Complete and Utter History of Britain
0%
Short Film 1984 The Dress
0%
TV Show 2003 The Fat
0%
TV Show 1966-1967 The Frost Report
0%
Documentary Mini-Series 2001 The Human Face
0%
TV Show 1981 The Innes Book of Records
0%
Documentary 2008 The Last Day of WW1
0%
TV Show 1966-1967 The Late Show
0%
Film 2025 The Magic Faraway Tree
0%
TV Show 1974 The Midnight Special
0%
TV Show 1983 The News Is the News
0%
TV Film 1979 The Secret Policeman's Ball
0%
TV Special 2012 The Secret Policeman's Ball
0%
TV Special 1982 The Secret Policeman's Other Ball
0%
TV Show 2020 The Simpsons
0%
Radio Play 2017 The Weekend
0%
TV Film 1996 The Willows in Winter
0%
TV Film 2013 The Wipers Times
0%
Film 1990 The Witches
0%
TV Film 1975 Three Men in a Boat
0%
Documentary Series 2008, 2009 Timewatch
0%
TV Show 1980 Top of the Pops
0%
TV Special 1993 Tracey Ullman: A Class Act
0%
TV Show 1967-1968 Twice a Fortnight
0%
Theater 2020 Waiting for Godot
0%
Short Film 1971 Who's There?
0%
TV Show 2019 Worzel Gummidge
0%
No matching quizzes found
Score Distribution
Percent of People with Each Score
Percentile by Number Answered
Your Score History
You have not taken this quiz since the last reset